000 00266nam a2200109Ia 4500
008 200302s9999 xx 000 0 und d
100 _aL I U Hanlin
245 _aMunicipal Architecture
260 _bDesign Media Publishing (UK) Ltd.,
260 _c2013
300 _a267
999 _c6210
_d6210